00622nam a2200181 a 450000100100000000500170001000800410002704000130006808200150008110000290009624500730012526000470019830000280024570000280027304900090030195201130031099900170042300001691420200929165001.0100312s1985 dr a 000 0 spa d aDO-SdBNP axxxbS232l1 aSantana, Julián93740910aLógica y geometría moderna /cJulián Santana, Roberto Herrera. aSanto Domingo :bImpresos Diversos,c1985. a303 p. :bil. ;c22 cm.1 aHerrera, Roberto937410 aBNPD 0010718PDaPDbPDcHDd2010-03-12iLF1l0oxxx S232lp16914-10r2020-06-25w2020-06-25yLFPDZNo se presta c16446d16446